Sứ thần Việt Nam
Uloženo v:
| Médium: | Kniha |
|---|---|
| Jazyk: | Vietnamese |
| Vydáno: |
H.
văn Hóa Thông Tin
1996
|
| Témata: | |
| Tagy: |
Přidat tag
Žádné tagy, Buďte první, kdo otaguje tento záznam!
|
| Thư viện lưu trữ: | Mạng thư viện Đại học Đà Nẵng |
|---|
| LEADER | 00949nam a2200289 4500 | ||
|---|---|---|---|
| 001 | 000015401 | ||
| 003 | 11781 | ||
| 005 | 20120528090503.0 | ||
| 008 | 120528s1996 viesd | ||
| 020 | |c 24000 | ||
| 041 | 0 | |a vie | |
| 082 | |a 959.7 |b Sưt | ||
| 245 | 0 | |a Sứ thần Việt Nam |c Nhóm biên soạn Nguyễn Thị Thảo, Phạm Văn Thắm, Nguyễn Kim Oanh | |
| 260 | |a H. |b văn Hóa Thông Tin |c 1996 | ||
| 300 | |a 307 tr. |c 19 cm | ||
| 653 | |a sứ thần | ||
| 653 | |a việt nam | ||
| OWN | |a LSP | ||
| AVA | |a UDN50 |b LSP |d 959.7 Sưt |e available |t Error 5001 Not defined in file expand_doc_bib_avail. |f 1 |g 0 |h N |i 0 |k 1 | ||
| 999 | |a From the UDN01 | ||
| AVA | |a UDN50 |b LSP |d 959.7 Sưt |e available |t Error 5001 Not defined in file expand_doc_bib_avail. |f 1 |g 0 |h N |i 0 |k 1 | ||
| TYP | |a Monograph | ||
| TYP | |a Printed language | ||
| 980 | |a Mạng thư viện Đại học Đà Nẵng | ||